近鉄「ひのとり」の停車駅 - Statistics

General Stats
  • This quiz has been taken 327 times
  • The average score is 8 of 9
Answer Stats
停車駅 % Correct
近鉄名古屋
98%
大阪難波
97%
96%
大阪上本町
94%
鶴橋
93%
近鉄四日市
90%
大和八木
88%
桑名
86%
白子
70%
No matching quizzes found
Score Distribution
Percent of People with Each Score
Percentile by Number Answered
Your Score History
You have not taken this quiz